000 00782cam a2200289 i 4500
001 4423689
003 ARRUPE
005 20140319140456.0
008 750620s1976 txu b 001 0 eng
010 _a75020137
020 _a0292730020
035 _a(OCoLC)1527665
035 _a(OCoLC)ocm01527665
035 _a(NNC)4423689
040 _aDLC
_cDLC
_dNNUT
050 0 _aD16.8
_b.G64
090 _aD16.8
_b.G64
100 1 _aGoldstein, Leon J.
_99177
245 1 0 _aHistorical knowing /
_cLeon J. Goldstein.
260 _aAustin :
_bUniversity of Texas Press,
_cc1976.
300 _axxvii, 242 p. ;
_c25 cm.
500 _aIncludes index.
504 _aBibliography: p. [233]-238.
650 0 _aHistory
_xPhilosophy.
_99178
942 _2lcc
_cMONOGRAPH
999 _c120227
_d120227